Cuộc cách mạng một-cọng-rơm

“Cuộc Cách Mạng Một - Cọng - Rơm” là cuốn sách nổi tiếng của Mansanobu Fukuoka, người khai sinh nông nghiệp tự nhiên của Nhật Bản và thế giới. Cuốn sách (đã được dịch ra 25 thứ tiếng) không chỉ là sự trải nghiệm về cách thức nuôi trồng c...

ver descrição completa

Na minha lista:
Detalhes bibliográficos
Autor principal: Fukuoka, Masanobu
Formato: Livro
Idioma:Undetermined
Publicado em: Thành phố Hồ Chí Minh Tổng hợp Thành phố Hồ Chí Minh 2016
Assuntos:
Tags: Adicionar Tag
Sem tags, seja o primeiro a adicionar uma tag!
Thư viện lưu trữ: Trung tâm Học liệu Trường Đại học Cần Thơ
LEADER 01303nam a2200205Ia 4500
001 CTU_222955
008 210402s9999 xx 000 0 und d
020 |c 79000 
082 |a 338.162 
082 |b F949 
100 |a Fukuoka, Masanobu 
245 0 |a Cuộc cách mạng một-cọng-rơm 
245 0 |c Masanobu Fukuoka ; XanhShop (Biên dịch) 
260 |a Thành phố Hồ Chí Minh 
260 |b Tổng hợp Thành phố Hồ Chí Minh 
260 |c 2016 
520 |a “Cuộc Cách Mạng Một - Cọng - Rơm” là cuốn sách nổi tiếng của Mansanobu Fukuoka, người khai sinh nông nghiệp tự nhiên của Nhật Bản và thế giới. Cuốn sách (đã được dịch ra 25 thứ tiếng) không chỉ là sự trải nghiệm về cách thức nuôi trồng các sản phẩm nông nghiệp trong sự tương tác hài hòa với môi trường tự nhiên mà còn đem đến cho người đọc những suy tưởng thú vị về triết học, về ăn uống, về y học và cuộc sống. 
650 |a Cropping systems,Hệ thống canh tác 
904 |i Hải 
980 |a Trung tâm Học liệu Trường Đại học Cần Thơ